Loading...
The new international Webster's comprehensive dictionary of the English language
| Format: | Printed Book |
|---|---|
| Language: | English |
| Published: |
Naples
Trident Press International
1996
|
| LEADER | 00517nam a22001457a 4500 | ||
|---|---|---|---|
| 003 | OSt | ||
| 008 | 101110t xxu||||| |||| 00| 0 eng d | ||
| 020 | |a 1888777052 | ||
| 080 | |a (038)=111 |b WEB | ||
| 245 | |a The new international Webster's comprehensive dictionary of the English language | ||
| 260 | |a Naples |b Trident Press International |c 1996 | ||
| 300 | |a 1895p. | ||
| 942 | |c REF |6 _ | ||
| 999 | |c 196088 |d 196088 | ||
| 952 | |0 0 |1 0 |4 0 |6 038111_WEB |7 0 |8 REF |9 251884 |a SLS |b SLS |d 2010-11-10 |o (038)=111 WEB |p SLS018899 |r 2010-11-10 |t 1 |w 2010-11-10 |y REF | ||